| 000 | 00605nam a2200217Ia 4500 | ||
|---|---|---|---|
| 005 | 20250508165728.0 | ||
| 008 | 008 250505s9999 xx 000 0 eng d | ||
| 020 | _a978-81-309-3005-3 | ||
| 037 | _aReference | ||
| 040 |
_aFEDL _beng _cFEDL |
||
| 041 |
_aeng _2eng |
||
| 084 |
_a001.42, BRY/RR _qFEDL |
||
| 100 | _aBryman Alan | ||
| 245 | 0 | _aQuantity and quality in social research | |
| 260 |
_aNew Delhi, India _bRoutledge _c1988 |
||
| 300 | _aviii, 198p. | ||
| 365 |
_aINR _b495 |
||
| 490 | _aSocial Research Today | ||
| 942 |
_cREF _h001.42, BRY/RR |
||
| 999 |
_c1397093 _d1397093 |
||